Normal view
MARC view
- تأليف: سينامون، روبرت / م.مشارك: برايان هيلويج لارسين ؛ ترجمة : دار الفاروق
Entry Personal Name
001 - CONTROL NUMBER
- control field: 33962
003 - CONTROL NUMBER IDENTIFIER
- control field: JO-AjAnu
005 - DATE AND TIME OF LATEST TRANSACTION
- control field: 20230606075707.0
008 - FIXED-LENGTH DATA ELEMENTS
- fixed length control field: 230606|| aca||aabn | a|a d
040 ## - CATALOGING SOURCE
- Original cataloging agency: JO-AjAnu
- Transcribing agency: JO-AjAnu
100 ## - HEADING--PERSONAL NAME
- Personal name: تأليف: سينامون، روبرت / م.مشارك: برايان هيلويج لارسين ؛ ترجمة : دار الفاروق
670 ## - SOURCE DATA FOUND
- Source citation: Work cat.: (JO-AjAnu)17444: تأليف: سينامون، روبرت / م.مشارك: برايان هيلويج لارسين ؛ ترجمة : دار الفاروق, author, الادارة المالية للمنشآت التجارية